00909nam a2200229 a 450000500170000000800410001704000120005804100080007010000280007824501130010626000530021930000120027252002030028465000230048765000090051065000180051965000340053766200240057166200240059566200330061970000270065220180803165620.0140129b2005 ck ||||| |||| 00| 0 spa d cCO-BoIH aspa aCastro Lalinde, Paulina aEducación Ambiental y Biodiversidad departamentos del Quindío, Antioquia y Norte de Santanderb2002-2005 aBogotábInstituto Alexander von Humboldtc2005 a4 vols. aPresenta los resultados del proceso de fortalecimiento de 50 PRAE con el componente de biodiversidad en los departamentos de Quindío, Antioquia y Norte de Santander (2002-2005). V. I, II, III, IV. aEducación Formal aPRAE aBiodiversidad aLectura de contexto ambiental aColombiabQuindío aColombiabAntioquia aColombiabNorte de Santander aMojica, Sandra Lucía